| 000 | 00398 a2200145 4500 | ||
|---|---|---|---|
| 005 | 20250619151542.0 | ||
| 020 | _a0-13-629345-X | ||
| 082 | _a301. 444 HAL | ||
| 100 | _aHALL, R. H. | ||
| 245 | _a Occupation and The Social Structure. | ||
| 250 | _a2nd Ed. | ||
| 260 |
_aLondon, _bPrentice Hall, _c1975. |
||
| 300 |
_axii, 371p.: ill.; table _bBibliography, Index & Reference. _c24cm. |
||
| 942 |
_2ddc _cBKS |
||
| 999 |
_c288 _d288 |
||